[Event "Floripa Chess Open 2024"]
[Site "Florianopolis"]
[Date "2024.01.28"]
[Round "10.93"]
[White "Silva, Ezequiel Demetras"]
[Black "Nunes, Leonardo De Souza"]
[Result "1-0"]
[WhiteElo "1793"]
[BlackElo "1800"]
[PlyCount "101"]
[EventDate "2024.01.20"]
[EventRounds "10"]
[EventCountry "BRA"]

1. c4 Nf6 2. Nf3 g6 3. Nc3 d5 4. cxd5 Nxd5 5. g3 Bg7 6. Bg2 O-O 7. O-O c5 8.
Nxd5 Qxd5 9. d3 Nc6 10. Nd2 Qd6 ({RR} 10... Qd7 11. Nc4 b6 12. a4 Bb7 13. Bd2
Ne5 14. Bxb7 Qxb7 15. Nxe5 Bxe5 16. Qb3 Rac8 17. Rfc1 Rfd8 18. a5 h5 19. axb6
axb6 20. Ra4 Rd4 21. Rcc4 h4 22. Be3 Rxc4 23. Rxc4 {1/2-1/2 (23) Jakubowski,K 
(2483)-Schmidt,W (2435) Lubniewice 2005}) 11. Ne4 Qd4 $146 ({RR} 11... Qe5 12.
Rb1 Rd8 13. b3 Nd4 14. e3 Ne6 15. Bb2 Qc7 16. Qc2 Qa5 17. Bxg7 Kxg7 18. Rbc1
Bd7 19. Nxc5 Nxc5 20. Qxc5 Qxa2 21. Qc3+ Kg8 22. Ra1 Qe2 23. Rfe1 Qh5 24. Bxb7
Rab8 25. Bg2 Bf5 26. e4 {Heistermann,T (1995)-Poghosyan,T (2035) Berlin 2014
1-0 (74)}) 12. Rb1 b6 13. Be3 Qd7 14. a3 Bb7 15. b4 cxb4 16. axb4 Rac8 17. Qa4
Rfd8 18. b5 Na5 19. Bd2 Nc4 20. Bb4 a5 21. dxc4 Rxc4 22. Ng5 Bxg2 23. Kxg2 Qg4
24. Qa2 axb4 25. Nxf7 Kxf7 26. Rxb4 Rd2 27. Qxc4+ Qxc4 28. Rxc4 Rxe2 29. Rf4+
Ke8 30. Rb1 Be5 31. Rfb4 Kd7 32. Kf3 Ra2 33. R1b3 Bd6 34. Re4 Ra8 35. h4 Rf8+
36. Ke2 Ra8 37. Rb2 Ra3 38. Re3 Ra8 39. Rf3 Ke6 40. Rbb3 Bc5 41. Rfd3 Ra2+ 42.
Rd2 Ra8 43. Kf3 Rf8+ 44. Kg2 Ra8 45. Kh3 Rf8 46. Re2+ Kd7 47. Rd3+ Bd6 48. Rd5
Ra8 49. Kg4 e6 50. Rd3 h6 51. Red2 1-0

[Event "Floripa Chess Open 2024"]
[Site "Florianopolis"]
[Date "2024.01.28"]
[Round "10.94"]
[White "Gomes, Adrian Felipe L"]
[Black "Silva, Gabryel Lunardi Car"]
[Result "0-1"]
[WhiteElo "1416"]
[BlackElo "1790"]
[PlyCount "74"]
[EventDate "2024.01.20"]
[EventRounds "10"]
[EventCountry "BRA"]

1. c4 Nf6 2. Nc3 g6 3. Nf3 Bg7 4. g3 O-O 5. Bg2 d6 6. O-O e5 7. b3 Nc6 8. Bb2
h6 9. d3 Be6 10. d4 Bg4 ({RR} 10... exd4 11. Nxd4 Bd7 12. Nd5 Nxd5 13. cxd5
Nxd4 14. Bxd4 Re8 15. e3 a5 16. Rc1 Be5 17. Qd2 b6 18. Bxe5 Rxe5 19. Rc3 Rc8
20. Rfc1 Bf5 21. Qd4 h5 22. h4 Re7 23. Qf6 Qf8 24. Bf3 Bg4 25. Bxg4 {Bacrot,E 
(2720)-Al Modiahki,M (2549) Dubai 2014 1-0 (48)}) 11. dxe5 dxe5 12. h3 Be6 13.
Nb5 $146 ({RR} 13. Qxd8 Rfxd8 14. Rfd1 a6 15. Ne1 Rab8 16. Nd3 Nd7 17. Na4 Bf8
18. Bxc6 bxc6 19. Nxe5 Nxe5 20. Bxe5 Rxd1+ 21. Rxd1 Re8 22. Bxc7 Bxh3 23. Rd8
Rxd8 24. Bxd8 Bf5 25. Ba5 Ba3 26. Bd2 h5 27. f3 Bc2 {Stoeckl,E-Watzka,H (2325)
Austria 1993 1/2-1/2 (37)}) 13... Nd7 14. Nd2 a6 15. Nc3 Qc8 16. Kh2 Ne7 17. e3
f5 18. Qe2 g5 19. Rad1 Nf6 20. Na4 Nd7 21. b4 Rb8 22. Nc3 Qe8 23. Nb3 e4 24.
Nd4 Bf7 25. Rd2 Ne5 26. Nd5 Nxd5 27. cxd5 Bxd5 28. Rc1 c6 29. a4 Nd3 30. Rxd3
exd3 31. Bxd5+ cxd5 32. Qxd3 Qe4 33. Qe2 Rfe8 34. Qh5 Re7 35. Qg6 Rf8 36. b5 f4
37. Ba3 Qxg6 0-1

[Event "Floripa Chess Open 2024"]
[Site "Florianopolis"]
[Date "2024.01.28"]
[Round "10.95"]
[White "De Haro, Martim Afonso Palma"]
[Black "Lucci, Bruno Wendorff"]
[Result "0-1"]
[WhiteElo "1704"]
[BlackElo "1931"]
[PlyCount "96"]
[EventDate "2024.01.20"]
[EventRounds "10"]
[EventCountry "BRA"]

1. e4 c5 2. Nf3 d6 3. Bb5+ Nd7 4. c3 a6 5. Ba4 ({RR} 5. Bd3 g6 6. Bc2 Bg7 7. d4
Qc7 8. O-O Ngf6 9. a4 O-O 10. h3 b6 11. Re1 e5 12. d5 Nh5 13. g3 Rb8 14. Kg2 b5
15. axb5 axb5 16. Be3 Nb6 17. b3 f5 18. exf5 gxf5 19. Nxe5 Bxe5 {Anton
Guijarro,D (2642)-Mamedov,R (2703) St Petersburg RUS 2018 0-1 (50)}) 5... Ngf6
({RR} 5... g6 6. O-O Bg7 7. d4 b5 8. Bc2 cxd4 9. cxd4 Bb7 10. Re1 e6 11. Bg5
Ne7 12. e5 dxe5 13. Nxe5 Nxe5 14. dxe5 Qxd1 15. Bxd1 Nd5 16. Nc3 Nxc3 17. bxc3
O-O 18. Rc1 Rac8 19. Bb3 Rc5 20. Bf4 {Stefanov,P (2077)-Desideri,R (1939)
chess.com INT 2022 1-0 (63)}) 6. Bc2 g6 7. d4 cxd4 $146 ({RR} 7... Bg7 8. e5
dxe5 9. dxe5 Ng4 10. e6 fxe6 11. Ng5 Nde5 12. Qxd8+ Kxd8 13. h3 Nh6 14. O-O
Nef7 15. Ne4 b6 16. a4 Nd6 17. a5 Bb7 18. Re1 Kd7 19. axb6 Bxe4 20. Bxe4 Nxe4
21. Rxe4 Nf5 22. Be3 {Markidis,K (2358)-Athanasiadis,M (2068) Thessaloniki
2005 1-0 (35)}) ({RR} 7... Bg7 8. e5 dxe5 9. dxe5 Ng4 10. e6 fxe6 11. Ng5 Nde5
12. Qxd8+ Kxd8 13. h3 Nh6 14. Be3 b6 15. Nd2 Nhf7 16. O-O-O Kc7 17. Bf4 Nxg5
18. Bxg5 Nf7 19. Bxe7 Bb7 20. Ne4 Bxe4 21. Bxe4 Rae8 22. Bh4 {Kuderinov,K 
(2481)-Kozganbayev,E (2206) Maralsay 2010 1-0 (34)}) ({RR} 7... Qc7 8. O-O Bg7
9. Re1 O-O 10. Bg5 h6 11. Bh4 e5 12. a4 b6 13. Nbd2 Re8 14. dxe5 dxe5 15. Nc4
Bf8 16. Qd2 Bb7 17. Rad1 Re6 18. Bg3 b5 19. axb5 axb5 20. Ncxe5 Nxe5 21. Nxe5
Qe7 22. f4 {Magnussen,P (2000)-Morcom,H (1901) Vale GCI 2018 1/2-1/2}) 8. cxd4
Qc7 9. O-O Bg7 10. Re1 e5 11. Nc3 O-O 12. h3 b5 13. Be3 Rd8 14. Rc1 Nb6 15. Qe2
Nc4 16. Bg5 Bb7 17. Bd3 exd4 18. Nxd4 Qb6 19. Nf3 Ne5 20. Nxe5 dxe5 21. Bc2
Rac8 22. Bb3 h6 23. Bxf6 Qxf6 24. Bd5 Bxd5 25. Nxd5 Qg5 26. Rxc8 Rxc8 27. a4
Rc4 28. axb5 axb5 29. Nc3 Qe7 30. Nxb5 Qb4 31. Nc3 Bf8 32. Nd5 Qb3 33. Rd1 Bc5
34. Rd2 Kg7 35. Nc3 Bd4 36. Nd1 Rc6 37. Kh2 Rc1 38. Qd3 Qa4 39. Kg3 Qc6 40. Kh2
Qa8 41. Rc2 Rb1 42. Rc7 Ra1 43. Qb3 Qf8 44. Qc2 Ra6 45. Qc4 Rf6 46. b4 Bxf2 47.
Nxf2 Rxf2 48. b5 Qa3 0-1

[Event "Floripa Chess Open 2024"]
[Site "Florianopolis"]
[Date "2024.01.28"]
[Round "10.96"]
[White "Peixoto, Rudson Marinho"]
[Black "De Resende, Sidnei"]
[Result "0-1"]
[WhiteElo "1895"]
[BlackElo "1666"]
[PlyCount "35"]
[EventDate "2024.01.20"]
[EventRounds "10"]
[EventCountry "BRA"]

1. e4 c5 2. Nf3 d6 3. d4 cxd4 4. Nxd4 Nf6 5. Nc3 a6 6. Bg5 e6 7. Qf3 Be7 8.
O-O-O Qc7 9. Rg1 Nbd7 10. Qe2 $146 ({RR} 10. g4 Nb6 11. h4 Bd7 12. h5 h6 13.
Bh4 Rc8 14. g5 hxg5 15. Bxg5 Nxh5 16. Bxe7 Kxe7 17. Qe3 e5 18. Nb3 Be6 19. Be2
Nf4 20. Bd3 g6 21. Ne2 Bxb3 22. axb3 Nxe2+ 23. Qxe2 Nd7 24. Bc4 Rh4 {Paoli,
E-Stahlberg,G Bucharest 1954 0-1 (68)}) ({RR} 10. g4 h6 11. Qh3 Nc5 12. Bg2 Rh7
13. Be3 g5 14. Nde2 Bd7 15. Qg3 O-O-O 16. h3 Bc6 17. e5 dxe5 18. Rxd8+ Bxd8 19.
Bxc6 Qxc6 20. Qxe5 Ncd7 21. Qd4 Bb6 22. Qd2 Ne5 23. Bxb6 Qxb6 24. Qd4 Qxd4 {
Van Riemsdijk,H (2375)-Kuligowski,A (2325) Buenos Aires 1978 0-1 (56)}) ({RR} 
10. g4 b5 11. Bxf6 Nxf6 12. g5 Nd7 13. Nf5 exf5 14. exf5 Bb7 15. Qe2 Ne5 16. f4
Bf3 17. Qe3 Bxd1 18. fxe5 dxe5 19. Nxd1 Rc8 20. Rg2 Bc5 21. Qe4 O-O 22. f6 Rfd8
23. fxg7 Qc6 24. Qxe5 Bd4 {Lind,J (2219)-Nwachukwu,C (1926) Caleta 2012 1/2-1/
2 (94)}) ({RR} 10. g4 Ne5 11. Qg3 Bd7 12. f4 Nc6 13. Bg2 Rc8 14. Kb1 Nxd4 15.
Rxd4 Bc6 16. Rgd1 Rd8 17. h4 h6 18. Bxf6 Bxf6 19. R4d3 g6 20. g5 hxg5 21. hxg5
Bg7 22. e5 Bf8 23. f5 Bxg2 24. Qxg2 gxf5 {Wade,R-Lokvenc,J Munich 1954 1/2-1/2
(58)}) ({RR} 10. g4 b5 11. Bxf6 gxf6 12. h4 Bb7 13. Qe2 Nc5 14. a3 Qa5 15. Qe1
Rb8 16. f3 Qb6 17. Na2 h6 18. Kb1 Nd7 19. f4 d5 20. Bg2 dxe4 21. Bxe4 Nc5 22.
Bxb7 Rxb7 23. g5 hxg5 24. hxg5 fxg5 {Paoli,E-Romani,E San Benedetto 1954 1-0 
(36)}) 10... h6 11. Bh4 b5 12. f4 Bb7 13. f5 e5 14. Nb3 b4 15. Nd5 Nxd5 16.
Bxe7 Nxe7 17. Kb1 a5 18. Qd2 0-1

[Event "Floripa Chess Open 2024"]
[Site "Florianopolis"]
[Date "2024.01.28"]
[Round "10.97"]
[White "Paz, Martin"]
[Black "Vaz, Osvaldo Jose"]
[Result "1/2-1/2"]
[WhiteElo "1880"]
[BlackElo "1627"]
[PlyCount "92"]
[EventDate "2024.01.20"]
[EventRounds "10"]
[EventCountry "BRA"]

1. e4 e6 2. d4 d5 3. Bd3 Nf6 4. Nd2 c5 5. e5 Nfd7 6. c3 Nc6 7. Qg4 cxd4 8. cxd4
f5 9. exf6 Nxf6 10. Qh4 Ne4 $146 ({RR} 10... Bd6 11. Ne2 O-O 12. O-O e5 13.
dxe5 Nxe5 14. Bc2 Qc7 15. Nd4 Bd7 16. Rd1 Rf7 17. Bb3 Raf8 18. N2f3 Ng6 19. Qg5
Bc6 20. Ne6 Ne4 21. Nxc7 Nxg5 22. Nxg5 Rxf2 23. Be3 Re2 24. Bxd5+ Bxd5 25. Nxd5
{Vannelli,V-Marta,D Vitinia 1998 0-1 (62)}) ({RR} 10... e5 11. dxe5 Nxe5 12.
Bb5+ Bd7 13. Bxd7+ Qxd7 14. Qd4 Qf5 15. Ngf3 Nd3+ 16. Kf1 Bc5 17. Qa4+ Kf7 18.
Qb3 Rhe8 19. g4 Re1+ {0-1 (19) Meyer,E-Schmaus,A Schwetzingen 1949}) ({RR} 
10... Nb4 11. Bb1 Qc7 12. Ne2 Nc2+ 13. Bxc2 Qxc2 14. O-O Bb4 15. Qg5 O-O 16. a3
Ba5 17. b4 Bd8 18. Qe3 Bd7 19. Qb3 Rc8 20. Ra2 Qc7 21. Nf3 Bb5 22. Bf4 Qe7 23.
Re1 Ne4 24. Bg3 Bc7 25. Rc2 {Larrada Roa,H (1744)-Cuesta Cifuentes,J (1871)
Santa Marta 2012 1-0 (35)}) 11. Qxd8+ Kxd8 12. Nxe4 dxe4 13. Bxe4 Nxd4 14. Bd2
Bd7 15. Bc3 Bc6 16. Bxc6 Nxc6 17. Rd1+ Kc7 18. Nf3 Bb4 19. Rc1 Bxc3+ 20. Rxc3
Kd7 21. O-O Ke7 22. Re1 Kf6 23. a3 Rhe8 24. Rd3 Rad8 25. Rde3 e5 26. h3 Nd4 27.
Nxd4 Rxd4 28. R1e2 h5 29. g3 g5 30. Kg2 a5 31. Rc3 Red8 32. Rb3 R8d7 33. Kf3
Kf5 34. Rb5 g4+ 35. Kg2 R4d5 36. Rb6 R5d6 37. Rb3 a4 38. Rbe3 Rd5 39. f3 gxf3+
40. Kxf3 Rd3 41. g4+ hxg4+ 42. hxg4+ Kg5 43. Ke4 R3d4+ 44. Kxe5 R4d5+ 45. Ke6
R5d6+ 46. Ke5 Rd5+ 1/2-1/2

[Event "Floripa Chess Open 2024"]
[Site "Florianopolis"]
[Date "2024.01.28"]
[Round "10.98"]
[White "Da Silva De Sena, Jefferson Ryan F"]
[Black "Ferreira, Jose Carlos"]
[Result "1-0"]
[WhiteElo "1867"]
[BlackElo "1624"]
[PlyCount "53"]
[EventDate "2024.01.20"]
[EventRounds "10"]
[EventCountry "BRA"]

1. e4 c5 2. c4 Nc6 3. g3 d6 4. Bg2 Nf6 5. Ne2 e6 6. Nbc3 a6 7. O-O Qc7 ({RR} 
7... Be7 8. d4 cxd4 9. Nxd4 Bd7 10. Be3 O-O 11. Qe2 Rc8 12. Rac1 Re8 13. Rfd1
Nxd4 14. Bxd4 e5 15. Be3 Qa5 16. Bg5 Bg4 17. Bf3 Be6 18. b3 h6 19. Bxf6 Bxf6
20. Rxd6 Be7 21. Rd3 b5 22. Nd5 {Baghdasaryan,V (2372)-Matsenko,S (2489)
Moscow 2015 1/2-1/2 (57)}) 8. f4 Be7 9. h3 $146 ({RR} 9. d3 O-O 10. h3 h5 11.
f5 Ne5 12. Nf4 g6 13. fxg6 fxg6 14. Be3 Kg7 15. b3 Bd7 16. d4 cxd4 17. Bxd4 Kh7
18. Rc1 Rae8 19. Rc2 Qb8 20. Rcf2 b5 21. cxb5 axb5 22. Kh2 b4 23. Nb1 Neg4+ {
Miljard,K-Broman,H Finland 2010 0-1 (38)}) 9... Bd7 10. d3 Rb8 11. g4 g6 12.
Ng3 Nd4 13. Nce2 Nxe2+ 14. Qxe2 Bc6 15. g5 Nd7 16. f5 exf5 17. exf5 Ne5 18. f6
Bd8 19. Bf4 O-O 20. Bxe5 dxe5 21. Ne4 Re8 22. h4 Bxe4 23. Bxe4 Qd7 24. Kg2 Re6
25. h5 Qd6 26. hxg6 fxg6 27. Bd5 1-0

[Event "Floripa Chess Open 2024"]
[Site "Florianopolis"]
[Date "2024.01.28"]
[Round "10.99"]
[White "Felizes, Paulo"]
[Black "Pereira, Armando Scharlau"]
[Result "1-0"]
[WhiteElo "1855"]
[BlackElo "1618"]
[PlyCount "103"]
[EventDate "2024.01.20"]
[EventRounds "10"]
[EventCountry "BRA"]

1. d4 e6 2. Nf3 d5 3. Bg5 Be7 4. Bxe7 Nxe7 5. Nbd2 b6 6. e4 Ba6 7. Bxa6 Nxa6 8.
c3 O-O 9. Qe2 Qc8 10. O-O c6 11. a4 Nc7 12. c4 $146 ({RR} 12. Ne5 Ne8 13. a5
Nd6 14. Rfe1 b5 15. Nd3 Qc7 16. e5 Nc4 17. a6 Nc8 18. Nf3 N4b6 19. Qe3 Ne7 20.
g4 Qd8 21. h4 Ng6 22. g5 Nd7 23. h5 Ne7 24. Nh4 Re8 25. Kg2 g6 26. Rh1 Nf5 {
Drogilov,A (2166)-Petrov,I (1400) Moscow 2009 1-0 (32)}) 12... Ng6 13. Rfc1 Qd7
14. b4 dxe4 15. Nxe4 Rfe8 16. Ne5 Qxd4 17. Nxc6 Qd7 18. b5 e5 19. Rd1 Qe6 20.
Rd6 Qf5 21. Ng3 Qg5 22. Rd7 Ne6 23. Ne4 Qh4 24. Nd6 Nef4 25. Qe4 f6 26. Rxg7+
Kh8 27. Rd7 Kg8 28. c5 Qg4 29. Rxa7 Rxa7 30. Nxa7 Rf8 31. Kf1 Nh4 32. h3 Qg5
33. Ra3 Qh5 34. g4 Qg5 35. Qc4+ Kg7 36. Rg3 Qg6 37. Nf5+ Kh8 38. Qc2 Qg5 39.
cxb6 Rb8 40. Nxh4 Qxh4 41. Qc7 Rg8 42. b7 Nh5 43. Rd3 Nf4 44. Rf3 Nxh3 45. b8=Q
Rxb8 46. Qxb8+ Kg7 47. Qc7+ Kg6 48. Qc2+ Kg7 49. Qf5 Nf4 50. Rxf4 Qh1+ 51. Ke2
exf4 52. Qxf4 1-0

[Event "Floripa Chess Open 2024"]
[Site "Florianopolis"]
[Date "2024.01.28"]
[Round "10.100"]
[White "Fraga, Heitor Carneiro"]
[Black "Barbosa, Rafael Santos"]
[Result "1/2-1/2"]
[WhiteElo "1839"]
[BlackElo "1524"]
[PlyCount "212"]
[EventDate "2024.01.20"]
[EventRounds "10"]
[EventCountry "BRA"]

1. Nf3 Nf6 2. g3 g6 3. Bg2 Bg7 4. O-O O-O 5. d4 d5 6. c4 c6 7. Nc3 dxc4 8. a4
Nd5 9. Na2 $146 ({RR} 9. Ne5 Nxc3 10. bxc3 Qa5 11. Bf4 Qxc3 12. Rc1 Qa5 13.
Rxc4 Nd7 14. Nxd7 Bxd7 15. Qc2 Rac8 16. e3 b5 17. Rc5 Qb6 18. Rc1 b4 19. a5 Qb7
20. Qa4 Rfe8 21. a6 Qb6 22. Rb1 e5 23. Rxb4 Qd8 {Halfdanarson,J-Sigurjonsson,B
Reykjavik 1969 0-1 (32)}) ({RR} 9. e4 Nb4 10. Bg5 Bg4 11. d5 Nd3 12. Qd2 Nd7
13. h3 Bxf3 14. Bxf3 N7c5 15. Ra3 Re8 16. Qe3 Qb6 17. Rb1 Nb3 18. a5 Nxa5 19.
Na4 Qb4 20. Be2 cxd5 21. exd5 b5 22. Nc3 Nb3 23. Bxd3 Bxc3 {Shabalov,A (2529)
-Bai,J (2572) chess.com INT 2019 0-1 (51)}) ({RR} 9. e4 Nxc3 10. bxc3 b5 11.
Qe2 a6 12. Rd1 Bb7 13. h4 h5 14. Bg5 Qc7 15. e5 e6 16. Nd2 c5 17. Bxb7 Qxb7 18.
Ne4 cxd4 19. Nf6+ Kh8 20. Rxd4 Nc6 21. Rd7 Qb8 22. Rd6 Qc7 23. Qe3 Rad8 {
Matnadze,A (2423)-Schippke,M (2070) Europe-Echecs INT 2022 1-0 (33)}) ({RR} 9.
e4 Nb4 10. Be3 Bg4 11. Qe2 Bxf3 12. Bxf3 Nd3 13. Rad1 Bxd4 14. Bxd4 Qxd4 15.
Qc2 Na6 16. Be2 Nab4 17. Qb1 Rad8 18. Rd2 Rd6 19. Rfd1 Qxf2+ 20. Kh1 Qe3 21.
Bxd3 Rxd3 22. Re2 Qf3+ 23. Kg1 Rfd8 {Garcia Macho,A-Chacon Calabres,P
Valladolid 1977 0-1 (41)}) 9... c5 10. dxc5 c3 11. Nxc3 Nxc3 12. bxc3 Bxc3 13.
Bh6 Bg7 14. Bxg7 Kxg7 15. Nd4 Nc6 16. Nxc6 bxc6 17. Bxc6 Bh3 18. Qxd8 Raxd8 19.
Rfc1 Rc8 20. Bf3 Rc7 21. c6 Rfc8 22. Rcb1 Bf5 23. Rb7 e5 24. Bd5 Kf6 25. e4 Be6
26. Rab1 Ke7 27. Rxc7+ Rxc7 28. Rb7 Kd6 29. a5 a6 30. Rxc7 Kxc7 31. f4 Bxd5 32.
exd5 e4 33. f5 gxf5 34. Kf2 f4 35. gxf4 f5 36. Ke3 h6 37. h3 Kd6 38. Kd4 Kc7
39. Ke3 Kd6 40. Ke2 Kc7 41. Kf2 Kd6 42. Ke1 Kc7 43. Kd1 Kd6 44. Kd2 Kc7 45. h4
h5 46. Kc2 Kd6 47. Kc1 Kc7 48. Kc2 Kd6 49. Kc3 Kc7 50. Kc4 Kd6 51. Kd4 Kc7 52.
Kc5 e3 53. d6+ Kd8 54. c7+ Kd7 55. Kb6 e2 56. Kb7 e1=Q 57. c8=Q+ Kxd6 58. Qd8+
Kc5 59. Qb6+ Kd5 60. Qc6+ Kd4 61. Qd6+ Kc3 62. Qe5+ Qxe5 63. fxe5 f4 64. e6 f3
65. e7 f2 66. e8=Q f1=Q 67. Qxh5 Qd3 68. Qc5+ Kb3 69. h5 Ka2 70. Kb6 Qd8+ 71.
Kxa6 Qa8+ 72. Kb6 Qb8+ 73. Kc6 Qc8+ 74. Kd5 Qg8+ 75. Kd4 Qg1+ 76. Kc4 Qf1+ 77.
Kb4 Qb1+ 78. Kc4 Qf1+ 79. Kd4 Qg1+ 80. Kd5 Qg8+ 81. Ke5 Qg5+ 82. Kd6 Qd8+ 83.
Ke6 Qg8+ 84. Kf6 Qh8+ 85. Kf7 Qh7+ 86. Ke8 Qh8+ 87. Kd7 Qg7+ 88. Qe7 Qd4+ 89.
Qd6 Qa7+ 90. Ke6 Qe3+ 91. Qe5 Qh3+ 92. Qf5 Qe3+ 93. Kd6 Qa3+ 94. Ke6 Qe3+ 95.
Qe5 Qh6+ 96. Kd5 Qd2+ 97. Ke4 Qe2+ 98. Kf4 Qh2+ 99. Ke4 Qe2+ 100. Kd5 Qb5+ 101.
Ke6 Qe8+ 102. Kf6 Qh8+ 103. Ke6 Qe8+ 104. Kd6 Qb8+ 105. Kd5 Qb5+ 106. Kd4 Qb2+
1/2-1/2

[Event "Floripa Chess Open 2024"]
[Site "Florianopolis"]
[Date "2024.01.28"]
[Round "10.101"]
[White "Cordioli, Jairo Ribeiro"]
[Black "Vieira, Jose Renato Braga S"]
[Result "1-0"]
[WhiteElo "1703"]
[BlackElo "1839"]
[PlyCount "59"]
[EventDate "2024.01.20"]
[EventRounds "10"]
[EventCountry "BRA"]

1. d4 Nf6 2. Nf3 g6 3. c4 Bg7 4. Nc3 O-O 5. e4 d6 6. Be2 Nc6 7. O-O e5 8. d5
Ne7 9. Ne1 Nd7 10. Nd3 f5 11. f3 b6 12. Be3 f4 13. Bf2 g5 14. b4 a5 $146 ({RR} 
14... Ng6 15. c5 Rf7 16. Rc1 Bf8 17. cxd6 Bxd6 18. Nb5 Nf6 19. Rc6 g4 20. Qc2
g3 21. hxg3 fxg3 22. Bxg3 Nh5 23. Bh2 Rg7 24. Nxd6 cxd6 25. f4 Nhxf4 26. Bxf4
exf4 27. Nxf4 Nxf4 28. Rxf4 Bh3 29. Bf1 {Guo,Q (2435)-Kathmale,S (2216) Moscow
2016 1-0 (74)}) ({RR} 14... Ng6 15. c5 Nf6 16. Rc1 Rf7 17. cxd6 cxd6 18. Nb5 g4
19. Rc6 Bf8 20. Qc2 Bd7 21. Nxd6 Bxd6 22. Rxd6 gxf3 23. gxf3 Qe7 24. Rc6 Bxc6
25. dxc6 Rg7 26. Kh1 Ne8 27. b5 Kh8 28. Qc4 Nd6 29. Qb4 {Mira,H (2047)-Schulz,
P (2101) Marianske Lazne 2016 0-1 (53)}) 15. c5 axb4 16. cxd6 cxd6 17. Nxb4 Nf6
18. Nc6 Qe8 19. Nxe7+ Qxe7 20. Bxb6 h5 21. a4 g4 22. a5 Nd7 23. fxg4 Nxb6 24.
axb6 Rxa1 25. Qxa1 hxg4 26. Qa7 Qh4 27. b7 g3 28. hxg3 fxg3 29. Rxf8+ Bxf8 30.
bxc8=Q 1-0

[Event "Floripa Chess Open 2024"]
[Site "Florianopolis"]
[Date "2024.01.28"]
[Round "10.102"]
[White "Moro, Antonio Renato Pere"]
[Black "Trombini, Fabio"]
[Result "1-0"]
[WhiteElo "1667"]
[BlackElo "1822"]
[PlyCount "43"]
[EventDate "2024.01.20"]
[EventRounds "10"]
[EventCountry "BRA"]

1. e4 e5 2. Nf3 Nc6 3. Bc4 Bc5 4. c3 Nf6 5. d4 exd4 6. cxd4 Bb4+ 7. Bd2 Bxd2+
8. Nbxd2 d5 9. exd5 Nxd5 10. O-O O-O 11. Ne5 Nb6 12. Nxc6 bxc6 13. Qc2 Qxd4 14.
Bd3 h6 ({RR} 14... g6 15. Nf3 Qf6 16. Be4 Nd5 17. Rfd1 Rb8 18. Nd4 Re8 19. Bf3
Bd7 20. b3 Rb7 21. Qd2 Rbb8 22. Rac1 Rbc8 23. Ne2 Red8 24. Ng3 h5 25. Ne4 Qg7
26. Qd4 Qxd4 27. Rxd4 f5 28. Nc5 Be8 29. Nb7 {Thannheiser,T (2201)
-Stage-Steffensen,S (1928) Helsingor DEN 2018 1/2-1/2 (62)}) 15. Rfd1 $146 ({RR
} 15. Nb3 Qf6 16. Bh7+ Kh8 17. Be4 Be6 18. Qxc6 Qxb2 19. Qxc7 Rae8 20. Qxa7
Bxb3 21. Qxb6 {1/2-1/2 (21) Nogueira,I (2295)-De Souza,M (2405) Americana 1998}
) ({RR} 15. Nb3 Qf6 16. Be4 Be6 {1/2-1/2 (16) Blauert,J (2395)-Mikac,M (2440)
Portoroz 1997}) ({RR} 15. Nf3 Qf6 16. Rac1 Bb7 17. Be4 Rab8 18. Bxc6 Bxc6 19.
Qxc6 Qxb2 20. Rb1 Qxa2 21. Ra1 Qc4 22. Qxc4 Nxc4 23. Rfc1 Nd6 24. Rxa7 c5 25.
h3 Rfc8 26. Ne5 c4 27. Rd7 Rb6 28. Rd1 f6 29. Ng6 Kh7 {Themelis,G (1767)
-Kotsalis,E (1645) Thessaloniki 2014 1/2-1/2 (37)}) 15... Bg4 16. Nf3 Qf4 17.
Bh7+ Kh8 18. Rd4 Qf6 19. Rxg4 h5 20. Rg5 g6 21. Bxg6 fxg6 22. Rxg6 1-0

[Event "Floripa Chess Open 2024"]
[Site "Florianopolis"]
[Date "2024.01.28"]
[Round "10.103"]
[White "De Souza, Samuel B Ornelas"]
[Black "Ulrich, Henning"]
[Result "1/2-1/2"]
[WhiteElo "1639"]
[BlackElo "1822"]
[PlyCount "64"]
[EventDate "2024.01.20"]
[EventRounds "10"]
[EventCountry "BRA"]

1. d4 Nf6 2. c4 g6 3. g3 Bg7 4. Bg2 d6 5. Nf3 O-O 6. O-O c6 7. Nc3 Qc7 8. e4 e5
9. h3 Re8 10. Be3 Nbd7 11. Qc2 exd4 12. Nxd4 Nf8 ({RR} 12... a5 13. Rad1 Bf8
14. b3 Ra6 15. Rfe1 Nc5 16. a3 Ne6 17. b4 axb4 18. axb4 Nd7 19. Na4 Ne5 20. c5
dxc5 21. Nxc5 Nxc5 22. bxc5 Qe7 23. f4 Nd7 24. Nb3 Ra3 25. Rd6 f6 26. Qc4+ Qf7
27. Qxf7+ {Jurek,J (2367)-Blatny,P (2541) Czechia 2001 0-1 (62)}) ({RR} 12...
Nc5 13. b4 Ne6 14. Nde2 Nf8 15. Rac1 N6d7 16. Rfd1 Ne5 17. Qb3 f5 18. exf5 Bxf5
19. Nd4 Rad8 20. Nxf5 gxf5 21. b5 Nfg6 22. b6 Qf7 23. bxa7 Nxc4 24. Nd5 Nxe3
25. fxe3 Kh8 26. Nb6 d5 27. Rb1 {Erden,F (1842)-Polat,A (1545) Konya 2017 1/
2-1/2 (53)}) 13. Rad1 Ne6 14. Nb3 $146 ({RR} 14. Nde2 Bd7 15. f4 Rad8 16. Qd2
Bc8 17. g4 b6 18. Ng3 Ba6 19. b3 d5 20. exd5 cxd5 21. Nxd5 Nxd5 22. Bxd5 Qe7
23. Rfe1 Qb4 24. Qg2 Bc3 25. Rf1 Ng5 26. fxg5 Rxe3 27. Bxf7+ Kg7 28. Rxd8 h5 {
Rouler,C (2252)-Ballo,M (2106) Loire 2004 1-0}) ({RR} 14. b3 Bd7 15. Rd2 h5 16.
Nxe6 Bxe6 17. Bf4 Qc8 18. Kh2 d5 19. cxd5 cxd5 20. Nxd5 Nxd5 21. Qxc8 Raxc8 22.
exd5 Bd7 23. d6 b6 24. h4 Be5 25. Bxe5 Rxe5 26. Bh3 Bxh3 27. Kxh3 Kf8 28. d7
Rd8 {Buermann,J (2120)-Kessler,J (1847) Germany 2009 1-0 (51)}) ({RR} 14. Nde2
Bd7 15. f4 Rad8 16. g4 Bc8 17. Ng3 Nd7 18. Qf2 Nb6 19. f5 Nc5 20. f6 Bf8 21. b3
Nbd7 22. Nge2 Ne5 23. Qh4 Kh8 24. Kh1 Ncd3 25. Rd2 a6 26. Rfd1 Nc5 27. Qg3 Ncd7
28. g5 b5 {Manninen,M (2380)-Helin,T Helsinki 1997 1-0 (36)}) 14... b6 15. f4
Ba6 16. Nd2 Rad8 17. Rfe1 Rd7 18. b3 Rde7 19. Nf3 Nc5 20. e5 dxe5 21. Bxc5 bxc5
22. Nxe5 Bb7 23. Qf2 Nd7 24. Rxd7 Qxd7 25. Nxd7 Rxe1+ 26. Kh2 Bxc3 27. Ne5 Rd8
28. Nf3 Ra1 29. Qxc5 Bc8 30. Qe7 Rad1 31. Qxa7 Bf5 32. Qe3 R1d3 1/2-1/2

[Event "Floripa Chess Open 2024"]
[Site "Florianopolis"]
[Date "2024.01.28"]
[Round "10.104"]
[White "Marques Junior, Marcos Antonio"]
[Black "Da Silva, Kauan Salvagni Tele"]
[Result "1-0"]
[WhiteElo "1818"]
[BlackElo "1517"]
[PlyCount "83"]
[EventDate "2024.01.20"]
[EventRounds "10"]
[EventCountry "BRA"]

1. d4 d5 2. c4 e6 3. Nc3 Nf6 4. cxd5 exd5 5. Bg5 Be7 6. e3 O-O 7. Bd3 c6 8. Qc2
Nbd7 9. Nge2 Re8 10. O-O Nf8 11. f3 h6 12. Bh4 Ne6 13. Rad1 b6 14. Kh1 Bb7 15.
e4 dxe4 16. fxe4 Ng4 17. Bf2 Bh4 18. Bg1 Bg5 $146 ({RR} 18... h5 19. d5 cxd5
20. exd5 Nf8 21. Bc4 Ne5 22. Bb3 Nfg6 23. Nf4 Nxf4 24. Rxf4 Bg5 25. Rff1 Rc8
26. Qe2 Ng4 27. Qf3 Qf6 28. h3 Qxf3 29. Rxf3 Nh6 30. Nb5 Ba6 31. Ba4 Bxb5 32.
Bxb5 Red8 33. a4 {Lie,T-Bentsen,H (2158) Gausdal 2005 0-1 (74)}) 19. e5 Rf8 20.
Bf5 Ne3 21. Bxe3 Bxe3 22. Ne4 Ba6 23. Nd6 Qe7 24. Bxe6 Qxe6 25. Nf4 Qg4 26. h3
Qh4 27. Nf5 Qg5 28. Nxe3 Bxf1 29. Rxf1 c5 30. Nf5 cxd4 31. h4 Qg4 32. Ne7+ Kh8
33. Nfg6+ fxg6 34. Nxg6+ Kg8 35. Qb3+ Kh7 36. Nxf8+ Kh8 37. Qd3 g6 38. Qxg6
Qxg6 39. Nxg6+ Kg7 40. Nf4 Re8 41. Nd3 Re6 42. Rf4 1-0

[Event "Floripa Chess Open 2024"]
[Site "Florianopolis"]
[Date "2024.01.28"]
[Round "10.105"]
[White "Gomes, Marco Tulio Caldeir"]
[Black "Menezes, Jose Eduardo Carnei"]
[Result "1/2-1/2"]
[WhiteElo "1637"]
[BlackElo "1813"]
[PlyCount "69"]
[EventDate "2024.01.20"]
[EventRounds "10"]
[EventCountry "BRA"]

1. c4 c5 2. Nc3 Nf6 3. Nf3 g6 4. d4 cxd4 5. Nxd4 Bg7 6. e4 d6 7. Be2 O-O 8. Be3
a6 9. O-O Nbd7 10. Qd2 b6 11. Nc6 Qe8 12. Nd5 Nxd5 13. cxd5 Nc5 14. f3 Bb7 $146
({RR} 14... Bd7 15. Rac1 Bxc6 16. dxc6 a5 17. Bb5 Rc8 18. b3 Rc7 19. Rfd1 Qb8
20. Rb1 Rfc8 21. a3 Qa7 22. b4 axb4 23. axb4 Ne6 24. Qf2 Rxc6 25. Bxc6 Rxc6 26.
b5 Rc5 27. Bxc5 dxc5 28. Kh1 Nd4 29. Rd2 {Vrhovnik,D (2111)-Alaimo,C (1851)
Topusko 2014 1/2-1/2 (109)}) 15. Nd4 b5 16. b4 Na4 17. Rac1 Qd7 18. Rc2 Rfc8
19. Rfc1 Rxc2 20. Rxc2 Rc8 21. Qc1 Rxc2 22. Qxc2 Kf8 23. Bd3 Ke8 24. Kf2 Qc8
25. Qxc8+ Bxc8 26. Ke1 Kd8 27. Kd2 Bb7 28. Bc2 Nb2 29. Bb3 Kc7 30. Kc2 Na4 31.
Bxa4 bxa4 32. Kc3 e6 33. Kc4 exd5+ 34. exd5 Bxd4 35. Bxd4 1/2-1/2